00189nam a2200085Ia 4500008004100000041000800041100002000049245002500069260000900094230508s1991 xx 000 0 und d aeng aCOULSON RICHARD aCHEMICAL ENGG. VOL 3 c1991